zpět

Detail výsledku týmu

Club Drak, Klášterec nad Ohří

Datum a čas kvízu

38 Celkem bodů Celkový počet nahraných bodů na tomto kvízu bez doplňovacích otázek.
2. Pořadí na kvízu Konečné umístění týmu na tomto kvízu.

Zaznamenané odpovědi

# Otázka Odpověď Body Výsledky
1. U jednoho nově otevřeného obch... pro ženy 1
2. V neděli začala světová výstav... v Japonsku 1
3. Minulý týden byl představen tr... Mission Impossible; Poslední zúčtování/ The Final Reckoning 0.5
4. Americká genetická společnost... Hra o trůny, pravlk 1
5. Ve středu začalo hokejové mist... České Budějovice 1
6. Dovtípíte se, co bylo objeveno... Velikonoční ostrov 1
7. S Velikonocemi je spojena řada... o kříž 1
8. Velký pátek je v České republi... 2016 (2015–2017) 1
9. Jak se jmenuje pohanský svátek... D 1
10. Australané nejsou vzhledem k t... bandikut (králíkovitý) 0